000 00299nam a22001337a 4500
008 170728b xxu||||| |||| 00| 0 eng d
020 _a0471026115
041 _aeng
080 _a004
100 _a31
101 _aSHK
245 _aADVANCED PROGRAMMING TECHNIQUES
_cHUGHES,CH.E
942 _2udc
_cBK
999 _c22090
_d22090